Enciclopedia internacional Focus / (Registro nro. 59238)

Detalles MARC
000 -LEADER
campo de control de longitud fija 00656nam a2200205 i 4500
001 - NÚMERO DE CONTROL
campo de control 59238
003 - IDENTIFICADOR DE NÚMERO DE CONTROL
campo de control ES-MaACL
005 - FECHA Y HORA DE LA ÚLTIMA TRANSACCIÓN
campo de control 20260201160543.0
007 - CAMPO FIJO DE DESCRIPCIÓN FÍSICA--INFORMACIÓN GENERAL
campo de control de longitud fija t|
008 - DATOS DE LONGITUD FIJA--INFORMACIÓN GENERAL
campo de control de longitud fija 031028s1965 sp e ||||1| spa d
080 ## - NÚMERO DE LA CLASIFICACIÓN DECIMAL UNIVERSAL
Número de la Clasificación Decimal Universal (031)
245 00 - MENCIÓN DEL TÍTULO
Título Enciclopedia internacional Focus /
Mención de responsabilidad, etc. Ignacio Agustí ... [et al.].
260 ## - PUBLICACIÓN, DISTRIBUCIÓN, ETC.
Lugar de publicación, distribución, etc. Barcelona :
Nombre del editor, distribuidor, etc. Argos,
Fecha de publicación, distribución, etc. [1965]
300 ## - DESCRIPCIÓN FÍSICA
Extensión 5 v. :
Otras características físicas il. col. y n. ;
Dimensiones 25 cm.
505 8# - NOTA DE CONTENIDO CON FORMATO
Nota de contenido con formato Contiene: 2. Ciliados-fyvaller - 3. G-lluvia - 4. M-psicofísica - 5. Psi-vap. - 6. Var-z
650 ## - PUNTO DE ACCESO ADICIONAL DE MATERIA--TÉRMINO DE MATERIA
Término de materia o nombre geográfico como elemento de entrada Enciclopedias.
9 (RLIN) 12235
700 1# - ENTRADA AGREGADA--NOMBRE PERSONAL
Nombre de persona Agustí, Ignacio,
Fechas asociadas al nombre 1913-1974
9 (RLIN) 18909
852 4# - LOCALIZACIÓN
Ubicación ES-MaACL
Número de control de estantería P-986-bis
Existencias
Estatus retirado Estado de pérdida Estado de daño No para préstamo Colección Biblioteca de origen Biblioteca actual Ubicación en estantería Fecha de adquisición Fuente de adquisición Total de préstamos Signatura topográfica completa Código de barras Visto por última vez Precio de reemplazo Tipo de ítem Koha
        Colección de referencia Biblioteca del Ateneo de Madrid Biblioteca del Ateneo de Madrid Depósito 2 17/01/2008     P-986-bis 1062139 23/02/2023 23/02/2023 Libro impreso